[Event "Las Palmas Insular-chT Segunda 1718"]
[Site "Las Palmas"]
[Date "2017.10.28"]
[Round "1.1"]
[White "Sosa Suarez, Juan Jose"]
[Black "Rivero Tacoronte, Gabriel"]
[Result "1-0"]
[WhiteElo "1608"]
[BlackElo "1103"]
[PlyCount "53"]
[EventDate "2017.10.28"]
[EventType "team-swiss"]
[EventRounds "9"]
[EventCountry "ESP"]
[SourceTitle "EXT 2019"]
[Source "ChessBase"]
[SourceDate "2018.10.10"]
[SourceVersion "1"]
[SourceVersionDate "2018.10.10"]
[SourceQuality "1"]
[WhiteTeam "Anand III"]
[BlackTeam "Sociedad La Montana VI"]
[WhiteTeamCountry "ESP"]
[BlackTeamCountry "ESP"]

1. e4 e5 2. Nf3 Nc6 3. Nc3 Nf6 4. Bb5 Bc5 5. 0-0 0-0 6. Bxc6 dxc6 7. Nxe5 Qe7 8. Nf3 Nxe4 9. Nxe4 Qxe4 10. Re1 Qg6 11. d4 Bd6 12. Ne5 Bxe5 13. Rxe5 Bg4 14. f3 Bh3 15. Rg5 Qe6 16. gxh3 Qxh3 17. Rg3 Qd7 18. Bh6 Qd6 19. Bxg7 Rfd8 20. Be5+ Qg6 21. Rxg6+ fxg6 22. c3 Re8 23. Qb3+ Kf8 24. Re1 Rad8 25. Re4 b5 26. Rf4+ Ke7 27. Rf7# 1-0